Statystyki dla Stolice Państw Nieuznawanych

Kliknij tutaj aby rozwiązać quiz!

Ogólne statystyki

  • Ten quiz został rozwiązany 14 razy
  • Średni wynik to 5 z 9

Statystyki odpowiedzi

HintOdpowiedź% Poprawnych
KosowoPrisztina
93%
NaddniestrzeTyraspol
93%
Republika Chińska (Tajwan)Tajpej
86%
PalestynaJerozolima / Ramallah
79%
Cypr PółnocnyNikozja Północna
79%
AbchazjaSuchumi
36%
Sahara ZachodniaAl-Ujun / Tifariti
29%
Osetia PołudniowaCchinwali
29%
SomalilandHargejsa
21%

Rozkład punktacji

Percentyl według liczby udzielonych odpowiedzi

Procent ludzi z każdym wynikiem

Twoja historia wyników

Nie rozwiązałeś tego quizu